000 00249nam a2200097Ia 4500
001 1162272
005 20250827011641.0
008 250824s9999 xx 000 0 und d
245 0 _aNE OKURSAN O OLURSUN
_cROBERT DIYANNI
260 _bANTRE YAYINLARI
999 _c1162272
_d1162272